[Event "Moscow Time of the First U15"]
[Site "Moscow"]
[Date "2019.06.17"]
[Round "1"]
[White "Belousov, Georgiy S"]
[Black "Velikzhanin, Alexandr"]
[Result "1-0"]
[WhiteElo "1606"]
[BlackElo "1139"]
[PlyCount "104"]
[EventDate "2019.06.17"]
[EventType "swiss"]
[EventRounds "9"]
[EventCountry "RUS"]
[SourceTitle "EXT 2021"]
[Source "ChessBase"]
[SourceDate "2020.10.23"]
[SourceVersion "1"]
[SourceVersionDate "2020.10.23"]
[SourceQuality "1"]

1. c4 e5 2. Nc3 Nf6 3. g3 Nc6 4. Bg2 a6 5. a3 a5 6. e3 Be7 7. Nge2 d6 8. 0-0 0-0 9. b3 Be6 10. Nd5 Qd7 11. d4 Bxd5 12. cxd5 Nd8 13. Bb2 exd4 14. Qxd4 Qb5 15. Qc4 Qxc4 16. bxc4 Nd7 17. Rab1 Bf6 18. Bxf6 Nxf6 19. Bh3 Ne4 20. Rb2 Nc5 21. Nc3 f5 22. Re2 g6 23. e4 fxe4 24. Nxe4 Nd3 25. f4 Nf7 26. Rd1 Nc5 27. Nxc5 dxc5 28. Re7 Nd6 29. Be6+ Kh8 30. Rc1 Ne8 31. Rb1 b6 32. Re1 Rb8 33. a4 Ra8 34. Bd7 Nd6 35. Bc6 Rac8 36. Rd7 Rfd8 37. Ree7 Rxd7 38. Bxd7 Rd8 39. Bb5 Nxb5 40. axb5 a4 41. Rxc7 Rd6 42. Ra7 a3 43. Rxa3 Kg7 44. Re3 Kf6 45. g4 h5 46. gxh5 gxh5 47. Re5 Kg6 48. Re6+ Rxe6 49. dxe6 Kf6 50. f5 Kxf5 51. e7 Ke4 52. e8Q+ Kd4 1-0